000 00444nam a2200205Ia 4500
003 0100
008 130307s9999 xx 000 0 und d
040 _cARRUPELIB
050 _aBL85.K32 1936
100 _aKarrer, Otto
245 _aReligious of mankind
260 _aLondon
260 _bSheed & Ward
260 _c1936
300 _a291p.
300 _b23 cm.
650 _aRELIGION
700 _aWatkin, E.I. (tr.)
942 0 0 _01
999 _c83360
_d83360